000
00333 a2200157 4500
001
69723
020
_a
9788536305943
040
_c
Anchieta - Itaigara
100
_a
Shaywitz, Sally
240
1
0
_a
Entendo a dislexia
_l
por
245
1
0
_a
Entendo a dislexia
300
_a
286
362
0
_a
2006
650
4
_a
Educação
942
_c
BK
999
_c
69723
_d
69723